000 01151cad a22002175a 4500
001 L137628
008 070420s2007 xxk f 000 0 eng d
035 _a(Sirsi) u137628
041 0 _aeng
110 2 _aDonaldsons
_93333
245 0 0 _aLease Code III
_bis legislation inevitable?
_h[electronic resource]
260 _aLondon
_Donaldsons
_c2007
520 _aSuggests that the third edition of the Code of Practice forCommercial Leases (launched on 27 March) is set to fail without a major shift in attitudes and practices from the commercial property industry. Supports the Code but cites three main reasons for likely failure: inflexible attitudes to flexible leases: rent comes first in lease negotiations; and small businesses remain exposed to sharp practices.
590 _aKA
650 2 4 _aCODE OF PRACTICE FOR COMMERCIAL LEASES
650 2 4 _aCODE FOR LEASING BUSINESS PREMISES IN ENGLAND AND WALES
651 4 _aUnited Kingdom
_y
690 _aPROPERTY-COMMERCIAL PROPERTY-COMMERCIAL LANDLORD AND TENANT-COMMERCIAL LEASES
856 4 0 _uhttps://www.donaldsons.co.uk
_zView the item free of charge at www.donaldsons.co.uk...
942 _n0
999 _c78677
_d78677